<?xml version="1.0" encoding="UTF-8"?>
<record
    xmlns:xsi="http://www.w3.org/2001/XMLSchema-instance"
    xsi:schemaLocation="http://www.loc.gov/MARC21/slim http://www.loc.gov/standards/marcxml/schema/MARC21slim.xsd"
    xmlns="http://www.loc.gov/MARC21/slim">

  <leader>02125    a2200241   4500</leader>
  <controlfield tag="001">40734</controlfield>
  <controlfield tag="005">20260407155703.0</controlfield>
  <controlfield tag="008">260407a2015    arg                 spa d</controlfield>
  <controlfield tag="003">AR-UNSa-BCEJYS</controlfield>
  <datafield tag="040" ind1=" " ind2=" ">
    <subfield code="a">AR-UNSa-BCEJYS</subfield>
    <subfield code="b">spa</subfield>
    <subfield code="c">AR-UNSa-BCEJYS</subfield>
  </datafield>
  <datafield tag="080" ind1=" " ind2=" ">
    <subfield code="a">330.43</subfield>
    <subfield code="x">Econometr&#xED;a</subfield>
  </datafield>
  <datafield tag="245" ind1="1" ind2="0">
    <subfield code="a">Unobserved components and time series econometrics</subfield>
  </datafield>
  <datafield tag="020" ind1=" " ind2=" ">
    <subfield code="a">978-0-19-968366-6</subfield>
  </datafield>
  <datafield tag="264" ind1=" " ind2="1">
    <subfield code="a">Oxford :</subfield>
    <subfield code="b">Oxford University Press</subfield>
    <subfield code="c">2015</subfield>
  </datafield>
  <datafield tag="300" ind1=" " ind2=" ">
    <subfield code="a">xvii, 370 p.</subfield>
    <subfield code="c">24 cm.</subfield>
  </datafield>
  <datafield tag="505" ind1=" " ind2=" ">
    <subfield code="a">1. Introduction, Siem Jan Koopman and Neil Shephard - 2. The Development of a Time Series Methodology: from Recursive Residuals to Dynamic Conditional Score Models, Andrew Harvey - 3. A State-Dependent Model for Inflation Forecasting, Andrea Stella and James H. Stock - 4. Measuring the Tracking Error of Exchange Traded Funds, Giuliano De Rossi - 5. Measuring the Dynamics of Global Business Cycle Connectedness, Francis X. Diebold and Kamil Yilmaz - 
6. Inferring and Predicting Global Temperature Trends, Craig Ansley and Piet de Jong - 7. Forecasting the Boat Race, Geert Mesters and Siem Jan Koopman - 8. Tests for Serial Dependence in Static, Non-Gaussian Factor Models, Gabriele Fiorentini and Enrique Sentana - 9. Inference for Models with Asymmetric &#x3B1;-Stable Noise Processes, Tatjana Lemke and Simon J. Godsill - 10. Martingale Unobserved Component Models, Neil Shephard - 11. More is Not Always Better: Kalman Filtering in Dynamic Factor Models, Pilar Poncela and Esther Ruiz - 12. On Detecting End-of-Sample Instabilities, Fabio Busetti - 13. Improved Frequentist Prediction Intervals for Autoregressive Models by Simulation, Jouni Helske and Jukka Nyblom - 14. The Superiority of the LM Test in a Class of Econometric Models Where the Wald Test Performs Poorly, Jun Ma and Charles R. Nelson - 15. Generalised Linear Spectral Models, Tommaso Proietti and Alessandra Luati
</subfield>
  </datafield>
  <datafield tag="041" ind1=" " ind2=" ">
    <subfield code="a">spa</subfield>
  </datafield>
  <datafield tag="942" ind1=" " ind2=" ">
    <subfield code="c">BK</subfield>
  </datafield>
  <datafield tag="590" ind1=" " ind2=" ">
    <subfield code="a">niveau_biblio:m niveau_hierar:0</subfield>
  </datafield>
  <datafield tag="100" ind1="1" ind2=" ">
    <subfield code="a">Koopman, Siem Jan</subfield>
  </datafield>
  <datafield tag="700" ind1="1" ind2=" ">
    <subfield code="a">Shephard, Neil</subfield>
  </datafield>
  <datafield tag="856" ind1="4" ind2="1">
    <subfield code="u">https://biblioeco.unsa.edu.ar/pmb/images/libros/L126251.jpg</subfield>
    <subfield code="y">Imagen de portada</subfield>
    <subfield code="q">image/jpeg</subfield>
  </datafield>
  <datafield tag="999" ind1=" " ind2=" ">
    <subfield code="c">3300</subfield>
    <subfield code="d">3300</subfield>
  </datafield>
  <datafield tag="952" ind1=" " ind2=" ">
    <subfield code="0">0</subfield>
    <subfield code="1">0</subfield>
    <subfield code="4">0</subfield>
    <subfield code="7">0</subfield>
    <subfield code="a">BCEJYS</subfield>
    <subfield code="b">BCEJYS</subfield>
    <subfield code="c">16</subfield>
    <subfield code="d">2026-04-07</subfield>
    <subfield code="l">0</subfield>
    <subfield code="o">330.43 K75</subfield>
    <subfield code="p">L126251</subfield>
    <subfield code="r">2026-04-07 15:57:03</subfield>
    <subfield code="w">2026-04-07</subfield>
    <subfield code="y">L</subfield>
  </datafield>
</record>
